000
00218nam a22000857a 4500
008
161108b xxu||||| |||| 00| 0 eng d
100
_9
1048
_a
Chhibber
245
_a
Mathematics-IX
260
_a
New Delhi
_b
ABD Publications
_c
2009
999
_c
3703
_d
3703